Регионална библиотека "Любен Каравелов" - Русе

Двайсет години после (Запис номер 432916)

MARC детайли
000 -Лидер
Контролно поле с фиксирана дължина 01548nam a2200337 c 4500
003 - Код на организацията, давaща контролен номер
Контролно поле BLK
005 - Дата и час на последна редакция
Контролно поле 20210929154739.0
008 - Елементи от данни с фиксирана дължина
fixed length control field 200316b bul|||||r ||||||| ||bul||
040 ## - Източник на каталожния запис
Идентификатор на билиотеката - собственик на записа BLK
041 ## - Код за език
Код за езика на текст/звукозапис или на отделно заглавие Български
Код за езика КДБФ Български
080 ## - УДК
Текстов определител УДК Френска литература
УДК код - определител по УДК 821.133.1
УДК определител -31
УДК - код + определител 821.133.1-31
100 ## - Редна дума - Автор
Автор Дюма - баща, Александър
Авторска отговорност първи автор
R(LIN) 1299
139 ## - Редно поле
Редна дума Дюма, Александър-баща
245 10 - Сведения за заглавието
Заглавие Двайсет години после
Подзаглавни данни Истор. роман в 3 т.
Редно поле (дума) Александър Дюма-баща; Прев. от фр. К. А. Константинов; Ц. Ц. Добруджански; Александър-баща Дюма.
Том Т. 1-2
257 ## - Страна на издаване
Страна на създаване/издаване България
260 ## - Област на издателските данни
Място на издаване, разпространение и проч. Свищов
Име на издателя, разпространителя и проч. Филип Т. Кръстевич и Илия Л. Няголов
Година на издаване 1897
Печатница Свищов : печ. Д. Т. Дамянов
9 (RLIN) 462846
300 ## - Физическа характеристика
Страници 320 ; 316 с.
Размери/Мащаб 23 см
380 ## - Жанр
Жанр Худож. лит.
490 ## - СЕРИИ (Колекции)
9 (RLIN) 435080
Име на серия Колекция Редки и ценни издания
500 ## - Общи забележки
Забележка Кн. е продължение на Тримата мускетари от същия авт.
700 ## - Други автори (авторска отговорност)
Лично име Константинов, К. А.
Автороска отговорност (Описва отношението между автора и произведението) прев. от фр.
9 (RLIN) 1177
700 ## - Други автори (авторска отговорност)
Лично име Добруджански, Ц. Ц.
Автороска отговорност (Описва отношението между автора и произведението) прев. от фр.
9 (RLIN) 1177
852 ## - Местоположение
Форматна сигнатура Рб 897
Фондова буква Редки и ценни
856 4# - Електронен адрес и достъп
Електронен формат pdf - файл
Път до файла /url/
856 4# - Електронен адрес и достъп
Електронен формат pdf - файл
Път до файла /url/
999 ## - СИСТЕМНИ КОНТРОЛНИ НОМЕРА
Koha biblionumber 432916
Koha biblioitemnumber 432916
942 ## - АРТИКУЛИ
Вид на библиотечния материал Книги
Скрит в OPAC Не
Периодичен библиозапис Да
944 ## - СЪЗДАВАНЕ И РЕДАКЦИЯ на ЗАПИСА
Създаване/Редакция Създаване
Дата на регистрацията/редакция 2021-09-29
Служител, извършил регистрацията/редакцията нр
Наличности
Код за отписване Код за изгубен артикул Източник на класификационната схема Код за повреда Коз за рестрикции Код за отдаване Артикулен № Име на библиотеката - собственик Име на библиотеката, в която се намира в момента Статус (Текущо местоположение) Дата на вписване в системата Местоположение - отдел Цена в лева Систематично азбучна сигнатура Баркод Цена в евро Служебен тип на артикула
  Не е изгубен Universal Decimal Classification Не е повреден само за читалня Специални фондове ( старопечатни, редки и ценни, фонд М. Арнаудов) 856428 Регионална библиотека "Любен Каравелов" Русе Регионална библиотека "Любен Каравелов" Русе Редки и ценни 2021-09-29 Редки и ценни 1.00 Рб 897 120000860117 0.51 Книги
Vip Innovations Ltd, Rousse, Bulgaria 2025